1571 1261 1025 1062 1698 1156 1100 1913 1482 1840 1310 1963 1275 1377 1864 1288 1017 1995 1716 1212 1540 1457 1685 1983 1603 1391 1406 1110 1608 1962 1946 1907 1800 1005 1958 1930 1587 1138 1756 1438 1944 1272 1182 1030 1870 1262 1242 1778 1069 1558 1000 1525 1874 1859 1785 1989 1126 1078 1644 1099 1101 1328 1531 1386 1890 1627 1432 1478 1816 1936 1634 1329 1185 1068 1517 1342 1531 1963 1777 1662 1293 1556 1442 1030 1370 1859 1891 1764 1596 1904 1001 1731 1917 1594 1042 1359 1545 1060 1950 BCNSPRNW ULIB Ver.6.0+V

เปลี่ยนเป็นภาษาไทย

Change to English
 แสดงรายละเอียดบรรณานุกรม
  กลับหน้าหลัก

Brief Record : Get Marc (ISO 2709) : E-mail record : QR code < ปิดหน้าต่าง
LEADER : 00000nam 2200000uu 4500
001    13399108037
003     ULIB
008    110215s2547||||th 000 0 tha d
020    9749197550
060 04 WY100^bส825ก 2547
245 00 การพยาบาลพื้นฐาน :^bแนวคิดและการปฏิบัติ /^cสุปาณีเสนาดิสัย, วรรณภา ประไพพานิช, บรรณาธิการ
250    พิมพ์ครั้งที่ 11 (ปรับปรุงครั้งที่2)
260    [กรุงเทพฯ] :^bโรงเรียนพยาบาลรามาธิบดี,^c2547
300    (ค), 761 หน้า :^bภาพประกอบ ;^c26 ซม.
650  7 การพยาบาล
650  7 การพยาบาล, การบริการ
700 0  สุปาณี เสนาดิสัย,^eบรรณาธิการ
700 0  วรรณภา ประไพพานิช,^eบรรณาธิการ
710 2  โรงเรียนพยาบาลรามาธิบดี
945    ^p420^l0^i025455
945    ^p420^l0^i025454
945    ^p420^l0^i025452
945    ^p420^l0^i025451
945    ^p420^l0^i022256
945    ^p420^l0^i022255
945    ^p420^l0^i022253
945    ^p420^l0^i022175
945    ^p420^l0^i022174
945    ^p420^l0^i022173
945    ^p420^l0^i025453
945    ^p420^l0^i022254
945    ^p420^l0^i022172
945    ^p420^l0^i021669
945    ^p420^l0^i017464
945    ^p420^l0^i017463
945    ^p420^l0^i017465
945    ^p420^l0^i021670
995    ทศพร
999 ^a ใช้งานได้ทุกระบบ
รายการนี้ยังไม่มีแท็ก
คุณยังไม่ได้ล็อกอิน คุณสามารถมีกิจกรรมร่วมกับเว็บไซต์ได้ แต่ต้องล็อกอินก่อน ::
  ล็อกอิน

รายการสื่อสารสนเทศ

ลำดับที่ ประเภท เลขเรียก/บาร์โค้ด สถานที่ สถานะ
1. Book การพยาบาล
Book การพยาบาล
WY100 ส825ก 2547 ฉ.10 
  Barcode: 025452
ห้องสมุดวิทยาเขตสวรรค์ประชารักษ์
►ส่วนจัดเก็บหนังสือเก่า สปร
บนชั้น
  ขอยืม
2. Book การพยาบาล
Book การพยาบาล
WY100 ส825ก 2547 ฉ.11 
  Barcode: 025453
ห้องสมุดวิทยาเขตนครสวรรค์
►หนังสือทั่วไป:l:General Books
บนชั้น
3. Book การพยาบาล
Book การพยาบาล
WY100 ส825ก 2547 ฉ.12 
  Barcode: 025454
ห้องสมุดวิทยาเขตนครสวรรค์
►หนังสือทั่วไป:l:General Books
บนชั้น
4. Book การพยาบาล
Book การพยาบาล
WY100 ส825ก 2547 ฉ.13 
  Barcode: 025455
ห้องสมุดวิทยาเขตนครสวรรค์
►หนังสือทั่วไป:l:General Books
บนชั้น
5. Book การพยาบาล
Book การพยาบาล
สถานะ=หนังสือเก่า
WY100 ส825ก 2547 ฉ.14 
  Barcode: 021669
ห้องสมุดวิทยาเขตนครสวรรค์
►หนังสือทั่วไป:l:General Books
บนชั้น
6. Book การพยาบาล
Book การพยาบาล
สถานะ=หนังสือเก่า
WY100 ส825ก 2547 ฉ.18 
  Barcode: 021670
ห้องสมุดวิทยาเขตนครสวรรค์
►หนังสือทั่วไป:l:General Books
บนชั้น
7. Book การพยาบาล
Book การพยาบาล
สถานะ=หนังสือเก่า
WY100 ส825ก 2547 ฉ.2 
  Barcode: 022173
ห้องสมุดวิทยาเขตนครสวรรค์
►ส่วนจัดเก็บหนังสือเก่า นว.
บนชั้น
  ขอยืม
8. Book การพยาบาล
Book การพยาบาล
สถานะ=หนังสือเก่า
WY100 ส825ก 2547 ฉ.3 
  Barcode: 022174
ห้องสมุดวิทยาเขตนครสวรรค์
►หนังสือทั่วไป:l:General Books
บนชั้น
9. Book การพยาบาล
Book การพยาบาล
สถานะ=หนังสือเก่า
WY100 ส825ก 2547 ฉ.4 
  Barcode: 022175
ห้องสมุดวิทยาเขตนครสวรรค์
►หนังสือทั่วไป:l:General Books
บนชั้น
10. Book การพยาบาล
Book การพยาบาล
สถานะ=หนังสือเก่า
WY100 ส825ก 2547 ฉ.5 
  Barcode: 022253
ห้องสมุดวิทยาเขตนครสวรรค์
►หนังสือทั่วไป:l:General Books
บนชั้น
11. Book การพยาบาล
Book การพยาบาล
สถานะ=หนังสือเก่า
WY100 ส825ก 2547 ฉ.6 
  Barcode: 022254
ห้องสมุดวิทยาเขตนครสวรรค์
►หนังสือทั่วไป:l:General Books
บนชั้น
12. Book การพยาบาล
Book การพยาบาล
WY100 ส825ก 2547 ฉ.7 
  Barcode: 022255
ห้องสมุดวิทยาเขตนครสวรรค์
►หนังสือทั่วไป:l:General Books
บนชั้น
13. Book การพยาบาล
Book การพยาบาล
สถานะ=หนังสือเก่า
WY100 ส825ก 2547 ฉ.8 
  Barcode: 022256
ห้องสมุดวิทยาเขตนครสวรรค์
►หนังสือทั่วไป:l:General Books
บนชั้น
14. Book การพยาบาล
Book การพยาบาล
WY100 ส825ก 2547 ฉ.9 
  Barcode: 025451
ห้องสมุดวิทยาเขตสวรรค์ประชารักษ์
►ส่วนจัดเก็บหนังสือเก่า สปร
บนชั้น
  ขอยืม

รายการใกล้เคียง
    หัวเรื่อง [การพยาบาล]
    หัวเรื่อง [การพยาบาล, การบริการ]

BibComment


ยังไม่เคยถูกคอมเมนท์

คอมเมนท์ทรัพยากรรายการนี้
  คอมเมนท์: การพยาบาลพื้นฐาน ..


 Copyright 2026. Bcnsprnw @Library